Fußballverein nach Emojis - Statistiken

Allgemein
  • Dieses Quiz wurde 130 mal gespielt
  • Das Durchschnittsergebnis liegt bei 14 aus 20
Antwortstatistiken
Emojis Fußballverein % Korrekt
🐺​🏭​🚗​ VfL Wolfsburg
95%
🐐​🎉​🎊​ 1. FC Köln
92%
🏟️​🐝​🏆​ Borussia Dortmund
91%
🏳️‍🌈​🏴‍☠️​⚖️​ FC St. Pauli
90%
💊​🏭​🥈​ Bayer Leverkusen
89%
🦅​🌲​🌆​ Eintracht Frankfurt
86%
🦖​⚓​🕖​ Hamburger SV
86%
☘️​🍬​🏡​ SpVgg Greuther Fürth
86%
🥇​👑​🎬​ Bayern München
84%
⚜️​🥅​🌺​ SV Darmstadt 98
81%
🥫​🐮​💶​ RB Leipzig
73%
😈​⛰️​🔥​ 1. FC Kaiserslautern
70%
🐟​🌊​👨‍👨‍👦‍👦​ Werder Bremen
68%
👵​🏳️​🏙️​ Hertha BSC
67%
⚒️​👑​🍺​ FC Schalke 04
59%
⛵​🤬​🌊​ Hansa Rostock
59%
💰​👨‍🌾​💾​ TSG Hoffenheim
47%
​🔋​⚡​🫂​ Energie Cottbus
35%
⚒️​🌉​🏔️​ Erzgebirge Aue
30%
👕​⛓️​🌲​ Union Berlin
20%
Keine übereinstimmenden Quizze gefunden
Verteilung der Resultate
Anzahl Personen mit jedem Resultat
Perzentil nach korrekt beantworteten Fragen
Ihre Resultats-Entwicklung
Sie haben dieses Quiz noch nicht gespielt